000
00234nam a2200109Ia 4500
005
20260328104259.0
008
260328s9999||||xx |||||||||||||| ||und||
245
0
_a
Nouveaux /
260
_b
Roche Bobois
650
_a
Sofa
942
_c
BK
999
_c
10552
_d
10552